MDQL
is popping MORE tags! Check the
thread
!
Quizzes
Events
Quiz Creation
Community
Videos
Private Events
Remove Ads
Sign In
Join for FREE
Feedback
Dark Mode
Quiz Categories
Sports
Geography
Music
Movies
Television
Just For Fun
Miscellaneous
History
Literature
Language
Science
Gaming
Entertainment
Religion
Holiday
For Kids
Quiz Lab
Recent
Popular Today
Quiz Kudos Today
Editor Picks
Curator Picks
Quizzes by...
Day
Popularity
Type
Ratings
Length
Year
Community
Subscriptions
Recent Discussions
Orange Saloon
Badges
Playlists
Quests
Create
Leaderboards
Showdown
Live 5
Trivia Bingo
Activity
Puzzle Library
Sporcle Events
Private Events
Virtual Trivia
Globe League
Become a Host
Pub Owners
SporcleCon
Opinionation
Our Games
Videos
Blog
Mobile Apps
Partnerships
Remove Ads and Go Orange
Feedback
Sports
Athletes
MLB
NBA
NHL
NFL
Soccer
Sports Teams
WWE
NCAA
Football
Premier League
Basketball
Baseball
Hockey
Golf
Tennis
Cricket
Rugby
Auto Racing
Olympics
World Cup
Sports
Athletes
MLB
NBA
NHL
NFL
Soccer
Sports Teams
WWE
NCAA
Football
Premier League
Basketball
Baseball
Hockey
Golf
Tennis
Cricket
Rugby
Auto Racing
Olympics
World Cup
Random Quiz
Search Sporcle
×
Quiz Lab
Quiz Lab
Sports
Country
Type in answers that appear in a list
Type in answers that appear in a list
Classic
Best Score? Go Orange.
ATP TOP 30 TENNIS PLAYERS (As of 01/08/16) Stats
Can you name the ATP TOP 30 TENNIS PLAYERS (AS OF 01/08/16)?
By
hsnkhalife
5m
30 Questions
80 Plays
80 Plays
80 Plays
Comments
Comments
Give Quiz Kudos
Give Quiz Kudos
-
- Ratings
hide this ad
Replay
Link that replays current quiz
Next Quiz
Link to next quiz in quiz playlist
You Got
0%
They Got
Avg Score
85%
Avg Friend Score
Upgrade to see
Score Distribution
Jump to the score distribution portion of the page
Score
0/30
Timer
05:00
0
Plays Today
Ranking
Player
% Correct
1
Novak DJOKOVIC
98.8%
2
Andy MURRAY
98.8%
3
Roger FEDERER
98.8%
4
Stanislas WAWRINKA
97.5%
5
Rafael NADAL
97.5%
6
Kei NISHIKORI
96.3%
8
Tomas BERDYCH
96.3%
9
Jo-Wilfried TSONGA
96.3%
7
Milos RAONIC
95%
14
Marin CILIC
93.8%
15
Richard GASQUET
93.8%
10
Dominic THIEM
92.5%
11
Gael MONFILS
92.5%
12
David FERRER
92.5%
13
David GOFFIN
92.5%
Ranking
Player
% Correct
17
John ISNER
91.3%
18
Nick KYRGIOS
86.3%
28
Kevin ANDERSON
86.3%
29
Sam QUERREY
82.5%
16
Roberto BAUTISTA AGUT
81.3%
19
Feliciano LOPEZ
81.3%
20
Bernard TOMIC
80%
23
Philipp KOHLSCHREIBER
78.8%
26
Ivo KARLOVIC
75%
25
Jack SOCK
73.8%
21
Pablo CUEVAS
68.8%
24
Alexander ZVEREV
66.3%
22
Steve JOHNSON
63.8%
27
Lucas POUILLE
58.8%
30
Martin KLIZAN
57.5%
Quiz Playlist
Details
Report
Send in Message
Add To Playlist
Classic:
Type in answers that appear in a list
Last Updated: Feb 16, 2017
Quiz Scoreboard
CHALLENGE
Sign Up to Join the Scoreboard
Show All
Scores
Hide
Comments
May contain spoilers
Recently Published
1-10 Letter E Words III
by El_Dandy
Language
2m
Street Fighter Characters
by Artimus82
Gaming
60s
College Basketball Coaching Resumes
by pancakes188
Sports
9m
More to Explore
Quiz From the Vault
Featured Blog Post
Where Did the Easter Bunny Come From?
hide this ad
You Might Also Like...
Tags
Country Quiz
Tennis Quiz
ATP
Player
Top 30
Today's Top Quizzes in Sports
Browse Sports
hide this ad
Today's Top Quizzes in Country
Browse Country
Top Contributed Quizzes in Sports
1
2022 World Cup Stars
2
Les meilleurs buteurs des matchs entre le PSG et l’OM
3
FIFA Club World Cup Champions
4
Les entraîneurs de l'OM et du PSG au 21e siècle
5
Criteria MLB: Left Handed Sluggers
6
2023 MLB Unique Player Accomplishments
7
AFC Teams Reveal (Wrong Answers Minefield)
8
Players with Multiple 50 Home Run Seasons
9
5-to-1: FBS Animal Nicknames
10
5-to-1: UK Sports Teams
Explore More
Trending Topics
Crossword
Harry Potter
NBA
Kpop
Marvel
Disney
Anime
WWE
Soccer
Song
NFL
Pokémon
Country
The Office
Puzzle
hide this ad
More By:
hsnkhalife
Quiz
Plays
Rating
Category
Featured
Created
2016 TENNIS ATP Calendar
346
3.00
Sports
Apr 10, 2016
ATP seeded tennis players for Olympic games Rio 2016
327
4.50
Sports
Jul 31, 2016
Tennis ATP ACTIVE Players with 500+ singles wins
324
5.00
Sports
Aug 4, 2016
Youngest WTA Tennis Players to rank in Top 10
307
5.00
Sports
Aug 3, 2016
Largest Airlines by International Passengers carried
282
5.00
Holiday
May 8, 2016
Go to Creator's Profile
Score Distribution
Quiz Creator Spotlight
hsnkhalife
Follow
Send a Message
Quizzes Created
-
Created Quiz Play Count
-
More By This Creator
Popular Quizzes Today
1
Find the US States - No Outlines Minefield
2
Find the Countries of Europe - No Outlines Minefield
3
The Countries of the World
4
Find the US States
5
Risky Map Clicking: Biggest States A-Z
6
US States
7
Popular People in 1961
8
Movies - When Are They Set?
More Sports Quizzes
NHL Stats Leaders (2000s)
Published
Trending Quizzes
Risky Map Clicking: Least Populous States A-Z
USA Borders Longest to Shortest
1-10 Letter G Words
1-10 Letter F Words
Countries of the World: 200 Million BC
Recently Updated
Beyoncé Albums
pecheneg
Leaping Animals
pecheneg
Reality TV Shows (A-Z)
bhenderson79
Rickey Henderson's Hall of Fame Teammates
pecheneg
Champions League XIs: Arsenal
pecheneg
Quick Pick: Celebrities in WWE's Hall of Fame
aduchscher
A-Z Keypad Blitz II
pecheneg
Multiple Oscar Actors
pecheneg
Mystery Phrase Blitz: Oscar 'Best Actors'
pecheneg
F. Scott Fitzgerald Novels
LTH
Trending Topics
Anime
Crossword
Disney
Kpop
NBA
Harry Potter
Marvel
Song
Pokémon
NFL
Soccer
Country
Puzzle
WWE
The Office
Your Account Isn't Verified!
In order to create a playlist on Sporcle, you need to verify the email address you used during registration. Go to your
Sporcle Settings
to finish the process.
Report this User
Report this user for behavior that violates our
Community Guidelines
.
Details:
Send Report
Go to the Sporcle.com Mobile Site →
Comments